Pedagogía y didáctica fundadas en la antropología personalista insistencial

Enregistré dans:
Détails bibliographiques
Auteur principal: Quiles, Ismael (Auteur)
Format: Livre
Langue:espagnol
Publié: Buenos Aires Universidad del Salvador 1989
Sujets:
Tags: Ajouter un tag
Pas de tags, Soyez le premier à ajouter un tag!

MARC

LEADER 00000nam a2200000 a 4500
001 UCW5442
003 CL-VaPUC
008 910423e19890000AG |||||||||||||||||spa|d
082 0 4 |a 370.1  |b QUI  |2 21 
100 0 |a Quiles, Ismael  |e author  |9 310433 
245 1 0 |a Pedagogía y didáctica fundadas en la antropología personalista insistencial 
300 |a 226 p 
942 |c BK 
945 |d 19910423 00:00:00 
260 |a Buenos Aires  |b Universidad del Salvador  |c 1989 
650 0 |a Filosofía de la educación   |9 258384 
650 0 |a Formación profesional de profesores  |9 307493 
583 |a last modification  |c 19910423 00:00:00  |k Rodrigo Vera 
999 |c 218883  |d 218881 
952 |0 0  |1 0  |4 0  |6 370_100000000000000_QUI_1989  |7 0  |8 P  |9 209177  |a BIBEDU  |b BIBEDU  |c BIBEDU_PB  |d 2019-11-15  |i 2769670  |o 370.1 QUI 1989  |p 2769670  |r 2024-01-25  |w 2019-11-15  |y BK  |k EDU